[Event "FIDE Grand Prix-I Pool-C 2022"]
[Site "Berlin"]
[Date "2022.02.10"]
[Round "6.5"]
[White "Vidit, Santosh Gujrathi"]
[Black "Keymer, Vincent"]
[Result "1/2-1/2"]
[WhiteElo "2727"]
[BlackElo "2664"]
[Annotator "TA"]
[PlyCount "144"]
[EventDate "2022.02.04"]
[EventType "tourn"]
[EventCountry "GER"]
[SourceTitle "playchess.com"]
[Source "ChessBase"]
[SourceQuality "1"]

{[%evp 10,144,27,13,16,28,19,12,24,0,8,0,0,20,5,21,31,19,17,15,23,15,15,15,16,12,7,12,19,8,12,6,8,0,8,10,19,20,95,93,75,78,150,124,124,116,118,77,77,70,68,64,64,77,85,0,0,0,76,80,95,40,36,43,42,36,35,33,35,25,23,21,31,24,25,22,27,18,29,16,16,16,43,14,14,28,39,7,67,64,100,78,85,70,80,70,69,67,67,67,128,0,26,27,52,52,51,0,0,0,50,51,57,0,0,0,0,0,0,0,8,0,0,0,8,8,8,0,0,0,0,0,0,0,0,0,0]} 1. c4 Nf6 2. Nf3 e6 3. g3 d5 4. Bg2 d4 5. d3 Nc6 6. O-O Bc5 {Nowadays more popular than 6...Be7. A13: English Opening: 1...e6.} 7. Nbd2 Be7 8. Nb3 O-O 9. e3 dxe3 ({But not} 9... e5 10. exd4 exd4 11. Bf4 $11) 10. Bxe3 {[#]} Ng4 $146 ({Predecessor:} 10... e5 11. h3 Re8 12. Re1 a5 13. a3 Bf5 14. d4 a4 15. Nc5 Bxc5 16. dxc5 Qxd1 17. Raxd1 {0-1 (46) Howell,D (2646)-Heberla,B (2562) Warsaw 2021}) 11. Bc5 Bxc5 12. Nxc5 b6 13. Ne4 Bb7 14. d4 Rb8 15. Re1 Nf6 16. Nc3 Ne7 17. Ne5 Bxg2 18. Kxg2 c6 19. Qd3 Qc7 20. Rad1 Rbd8 21. Qf3 Rd6 22. b4 Ng6 23. h4 {[%cal Bh2h4,Bh4h5][%mdl 32]} Ne7 (23... Rfd8 $11) 24. b5 $16 {Hoping for bxc6.} a6 25. a4 {[%cal Ba2a4,Ba4b5][%mdl 32]} (25. bxa6 $5 {[%cal Rf3f4]} Qc8 26. Na4 $16 (26. a7 Qb7 $14)) 25... axb5 (25... Qc8 $142) 26. axb5 Qc8 27. h5 {[%cal Oh5h6]} h6 28. g4 (28. Re2 $142 $1) 28... Nd7 {[#]} 29. Nxc6 $1 {White is much more active.} Nxc6 30. bxc6 Rxc6 31. Nb5 $1 Qb7 {Inhibits Na7.} 32. Nd6 Qc7 33. Nb5 Qb7 34. Ra1 Nf6 35. Re5 (35. g5 $16 hxg5 36. Ra7) 35... Nh7 $14 36. Na7 Rc7 37. Qxb7 Rxb7 38. Nb5 Nf6 39. f3 Rd8 40. Kf2 Ne8 41. d5 exd5 42. Rxd5 Rc8 43. Rd4 Re7 44. Ra6 Re6 45. Ra7 Rec6 {[%cal Of7f5]} (45... f5 {looks sharper.} 46. gxf5 Rec6 47. Rg4 Rxc4 48. f6 Rc2+) 46. Ke3 Re6+ 47. Kd3 Rf6 48. f4 g6 (48... Re6 $11) 49. Nc3 $1 $36 {[%mdl 2048] Strongly threatening Nd5. Black is under pressure.} Kf8 50. Nd5 Re6 51. hxg6 fxg6 52. f5 gxf5 53. gxf5 Rd6 {[%cal Ob6b5]} 54. Nf4 $1 Kg8 {[#]} ({Black should try} 54... Rxd4+ $14 55. Kxd4 Rd8+ 56. Ke5 Rd1) 55. Nd5 (55. Rxd6 $1 $16 {Rg6+ would kill now.} Nxd6 56. f6) 55... Kf8 $1 $11 56. Ke4 Rc5 57. Ra8 Kf7 58. Ra7+ ({White should play} 58. Rb8 $1 $14) 58... Kf8 59. Ra8 ({Better is} 59. Rb7 $11) 59... Kf7 $1 $14 60. Rb8 $1 Rdc6 61. Kd3 (61. Ne3 $1 $14 Nf6+ 62. Kf4) 61... Nd6 $11 {[%csl LRc4,LRf5] The position is equal.} 62. Nb4 Rc8 63. Rxb6 Nxc4 64. Rb7+ R5c7 65. Rd7+ Rxd7+ 66. Rxd7+ {[%mdl 4096] Endgame KRN-KRN} Kf6 {And now ...Ne5+ would win.} 67. Ke4 {Threatens to win with Kf4.} Nd2+ 68. Ke3 Nf1+ 69. Kf2 Nh2 70. Kg3 Nf1+ 71. Kf2 Nh2 72. Kg3 Nf1+ {Weighted Error Value: White=0.11 (very precise) /Black=0.09 (flawless)} 1/2-1/2

[Event "FIDE Grand Prix-I Pool-C 2022"]
[Site "Berlin"]
[Date "2022.02.10"]
[Round "6.6"]
[White "Aronian, Levon"]
[Black "Dubov, Daniil"]
[Result "1/2-1/2"]
[WhiteElo "2772"]
[BlackElo "2720"]
[Annotator "TA"]
[PlyCount "42"]
[EventDate "2022.02.04"]
[EventType "tourn"]
[EventCountry "GER"]
[SourceTitle "playchess.com"]
[Source "ChessBase"]
[SourceQuality "1"]

{[%evp 39,42,0,17,0,0]} 1. e4 c5 2. Nf3 d6 3. d4 cxd4 4. Nxd4 Nf6 5. Nc3 a6 6. Be3 e5 7. Nb3 Be6 8. f3 Nbd7 9. Qd2 b5 10. a4 b4 11. Nd5 Bxd5 12. exd5 Nb6 13. Bxb6 Qxb6 14. a5 Qb7 15. Bc4 Be7 16. Ra4 Rb8 17. Qd3 Ra8 18. Qd2 Rb8 19. Qd3 Ra8 20. Qd2 Rb8 {[#]} 21. Qd3 $146 {B90: Sicilian Najdorf: Unusual White 6th moves, 6 Be3 Ng4 and 6 Be3 e5.} ({Predecessor:} 21. Nc1 Bd8 22. b3 O-O 23. Na2 e4 24. Nxb4 Re8 25. Kd1 e3 26. Qc3 e2+ 27. Bxe2 Nxd5 28. Nxd5 Qxd5+ 29. Bd3 Bf6 30. Qc4 {½-½ (47) Shirov,A (2715)-Ponomariov,R (2723) Wijk aan Zee 2007}) 21... Ra8 {Not much happened in this game.} 1/2-1/2